Detalles MARC
| 000 -Cabecera |
| Campo de control de longitud fija |
01327aam a2200481 4500 |
| 005 - Fecha y hora de la última transacción |
| Campo de control |
20260227145532.0 |
| 008 - Elementos de longitud fija--Información general |
| Campo de control de longitud fija |
150522b2019 xxu||||| |||| 00| 0 spa d |
| 020 ## - International Standard Book Number |
| Número Internacional Estándar del Libro (ISBN) |
9786070932588 |
| 041 ## - Idioma |
| Código de idioma |
Español |
| 082 ## - Clasificación Decimal Dewey |
| Número de clasificación |
364 R696c10 |
| 100 ## - Entrada principal--Autor personal |
| Nombre personal |
Rodríguez Manzanera, Luis |
| 9 (RLIN) |
5025 |
| 245 ## - Título propiamente dicho |
| Título |
Criminología clínica |
| 260 ## - Pie de imprenta |
| Lugar de publicación, distribución, etc. |
México |
| 260 ## - Pie de imprenta |
| Nombre del editor, distribuidor, etc. |
Porrúa |
| 260 ## - Pie de imprenta |
| Fecha de publicación, distribución, etc. |
2019 |
| 300 ## - Descripción física |
| Extensión |
459 páginas |
| 490 ## - Serie |
| Título de la Serie |
Investigación Criminal |
| 650 ## - Materia general |
| Temática (materia general) |
CRIMINOLOGÍA |
| 650 ## - Materia general |
| Temática (materia general) |
MÉTODO CRIMINOLÓGICO |
| 650 ## - Materia general |
| Temática (materia general) |
SÍNTESIS CRIMINOLÓGICA |
| 650 ## - Materia general |
| Temática (materia general) |
CRIMINOLOGÍA CLÍNICA |
| 650 ## - Materia general |
| Temática (materia general) |
HISTORIA DE LA CRIMINOLOGÍA CLÍNICA |
| 650 ## - Materia general |
| Temática (materia general) |
MÉTODO CLÍNICO |
| 650 ## - Materia general |
| Temática (materia general) |
PELIGROSIDAD |
| 650 ## - Materia general |
| Temática (materia general) |
PERSONALIDAD CRIMINAL |
| 650 ## - Materia general |
| Temática (materia general) |
CONSEJO CRIMINOLÓGICO |
| 650 ## - Materia general |
| Temática (materia general) |
EXÁMENES |
| 650 ## - Materia general |
| Temática (materia general) |
ENTREVISTA |
| 650 ## - Materia general |
| Temática (materia general) |
DICTAMEN |
| 650 ## - Materia general |
| Temática (materia general) |
NEUROSIS CARCELARIA |
| 650 ## - Materia general |
| Temática (materia general) |
DIAGNÓSTICO BIOMÉDICO |
| 650 ## - Materia general |
| Temática (materia general) |
DIAGNÓSTICO PSICOLÓGICO |
| 650 ## - Materia general |
| Temática (materia general) |
DIAGNÓSTICOS SOCIALES |
| 650 ## - Materia general |
| Temática (materia general) |
DIAGNÓSTICO CRIMINOLÓGICO |
| 650 ## - Materia general |
| Temática (materia general) |
PROGNOSIS CRIMINOLÓGICO |
| 650 ## - Materia general |
| Temática (materia general) |
CRIMINOGÉNESIS |
| 650 ## - Materia general |
| Temática (materia general) |
CRIMINODINÁMICA |
| 650 ## - Materia general |
| Temática (materia general) |
VICTIMODINÁMICA |
| 650 ## - Materia general |
| Temática (materia general) |
VÍCTIMA |
| 650 ## - Materia general |
| Temática (materia general) |
VICTIMARIO |
| 650 ## - Materia general |
| Temática (materia general) |
CLÍNICA VICTIMOLÓGICA |
| 942 ## - Punto de acceso adicional KOHA |
| Tipo de ítem KOHA |
Libro |
| Fuente del sistema de clasificación o colocación |
Dewey Decimal Classification |